000 00983nam2a22002531 4500
001 RU\NLR\INFOCOMM19\1000045831
005 20260607113656.0
035 _a(NLR Aleph) 002442276
090 _a13724647
_c13724647
100 _a20040315d1958 |||y0rusy50 ba
101 0 _arus
102 _aUA
105 _ay |||||||||
200 1 _aФорамiнiфери верхньобашкирських вiкладiв захiдної частини Донецького басейну
_fП.Д. Потiевська
210 _d1958
461 0 _1001RU\NLR\INFOCOMM19\1000045801
_12001#$aТруди Iнституту геологічних наук$cСерія стратиграфії та палеонтології$fАкад. наук Українськой РСР$vВип.31
700 1 _aПотiевська
_bП. Д.
_4070
801 0 _aRU
_bNLR
_gPSBO
801 1 _aRU
_bInfoComm
_c20040315
852 _aNLR
_jП7/465
942 _cISSUE
980 _aRUSPER
980 _aNB